Twenty Two A Property Investments Ltd v Simpson Curtis (a firm) and others (Record no. 65558)
[ view plain ]
| 000 -LEADER | |
|---|---|
| fixed length control field | 01209cam a2200181 4500 |
| 008 - FIXED-LENGTH DATA ELEMENTS--GENERAL INFORMATION | |
| fixed length control field | 000000n2000 000 0 eng u |
| 035 ## - SYSTEM CONTROL NUMBER | |
| System control number | (Sirsi) u109890 |
| 245 ## - TITLE STATEMENT | |
| Title | Twenty Two A Property Investments Ltd v Simpson Curtis (a firm) and others |
| 260 ## - PUBLICATION, DISTRIBUTION, ETC. | |
| Date of publication, distribution, etc. | 2000 |
| 490 ## - SERIES STATEMENT | |
| Series statement | Estates Gazette Case Summaries |
| Volume/sequential designation | [2000] EGCS 140 (2/12/00) |
| 520 ## - SUMMARY, ETC. | |
| Summary, etc. | "Twenty Two A Property Investments Ltd v Simpson Curtis (a firm) and others" CA 21 November 2000. Respondent contracting to release option subject to timely completion of sale - Sale contract between freeholder and third party conditional upon variation of certain leases - Appellant solicitor engaged by respondent to monitor progress of variation - Freeholder's solicitor failing to meet contractual deadline for variation - Sale contract falling through - Trial judge finding appellant in breach of monitoring obligation - Whether appellant obliged to interfere to extent contended for by respondent - Appeal dismissed. |
| 650 ## - SUBJECT ADDED ENTRY--TOPICAL TERM | |
| Topical term or geographic name entry element | LEASES |
| 650 ## - SUBJECT ADDED ENTRY--TOPICAL TERM | |
| Topical term or geographic name entry element | TWENTY TWO A PROPERTY INVESTMENTS LTD V SIMPSON CURTIS (A FIRM) AND OTHERS |
| 650 ## - SUBJECT ADDED ENTRY--TOPICAL TERM | |
| Topical term or geographic name entry element | VARIATION |
| 650 ## - SUBJECT ADDED ENTRY--TOPICAL TERM | |
| Topical term or geographic name entry element | SOLICITOR |
| 690 ## - LOCAL SUBJECT ADDED ENTRY--TOPICAL TERM (OCLC, RLIN) | |
| Topical term or geographic name as entry element | PROFESSIONAL PRACTICE-NEGLIGENCE-CASE LAW |
| 942 ## - ADDED ENTRY ELEMENTS (KOHA) | |
| Suppress in OPAC | 0 |
| Withdrawn status | Lost status | Source of classification or shelving scheme | Damaged status | Not for loan | Home library | Current library | Shelving location | Date acquired | Total Checkouts | Full call number | Barcode | Date last seen | Copy number | Price effective from | Koha item type |
|---|---|---|---|---|---|---|---|---|---|---|---|---|---|---|---|
| Dewey Decimal Classification | London | London | News article | 11/12/2000 | X109890 | 109890-1001 | 06/08/2019 | 1 | 06/08/2019 | Law report |